<?xml version="1.0" encoding="UTF-8"?>
<collection xmlns="http://www.loc.gov/MARC21/slim">
 <record>
  <leader>02834aam a22003498a 4500</leader>
  <controlfield tag="001">NCT_15202</controlfield>
  <controlfield tag="008">100510s2010                  ||||||viesd</controlfield>
  <datafield tag="999" ind1=" " ind2=" ">
   <subfield code="c">725</subfield>
   <subfield code="d">725</subfield>
  </datafield>
  <datafield tag="020" ind1=" " ind2=" ">
   <subfield code="c">120000</subfield>
  </datafield>
  <datafield tag="082" ind1="0" ind2="4">
   <subfield code="2">23rd ed.</subfield>
   <subfield code="a">333.72075</subfield>
   <subfield code="b">W785</subfield>
  </datafield>
  <datafield tag="100" ind1="1" ind2=" ">
   <subfield code="a">Jordening, Hans-Joachim </subfield>
  </datafield>
  <datafield tag="245" ind1="1" ind2="0">
   <subfield code="a">Giáo trình công nghệ sinh học môi trường :</subfield>
   <subfield code="b">Lý thuyết và ứng dụng = Environmental biotechnology : Concepts and applications</subfield>
   <subfield code="c">Hans-Joachim Jordening, Josef Winter ; Lê Phi Nga ...(dịch)</subfield>
  </datafield>
  <datafield tag="260" ind1=" " ind2=" ">
   <subfield code="a">Tp. Hồ Chí Minh</subfield>
   <subfield code="b">Nxb. Đại học Quốc gia Tp. Hồ Chí Minh</subfield>
   <subfield code="c">2010</subfield>
  </datafield>
  <datafield tag="300" ind1=" " ind2=" ">
   <subfield code="a">567tr.</subfield>
   <subfield code="b">minh hoạ</subfield>
   <subfield code="c">24cm</subfield>
  </datafield>
  <datafield tag="500" ind1=" " ind2=" ">
   <subfield code="a">ĐTTS ghi: Đại học Quốc gia Tp. Hồ Chí Minh. Viện Môi trường và Tài nguyên</subfield>
  </datafield>
  <datafield tag="520" ind1="3" ind2=" ">
   <subfield code="a">Trình bày các quá trình của công nghệ sinh học bảo vệ môi trường cho việc xử lý chất thải ở trạng thái rắn, lỏng, khí: gồm quá trình xử lý nước thải, xử lý ô nhiễm đất, xử lý chất thải rắn, khí thải và sản xuất nước uống</subfield>
  </datafield>
  <datafield tag="653" ind1=" " ind2=" ">
   <subfield code="a">Kỹ thuật môi ttrường</subfield>
  </datafield>
  <datafield tag="655" ind1=" " ind2="7">
   <subfield code="a">Giáo trình</subfield>
  </datafield>
  <datafield tag="700" ind1="1" ind2=" ">
   <subfield code="a">Nguyễn Như Hà Vy</subfield>
   <subfield code="e">dịch</subfield>
  </datafield>
  <datafield tag="700" ind1="1" ind2=" ">
   <subfield code="a">Đinh Xuân Thắng</subfield>
   <subfield code="e">dịch</subfield>
  </datafield>
  <datafield tag="700" ind1="1" ind2=" ">
   <subfield code="a">Winter, Josef</subfield>
  </datafield>
  <datafield tag="942" ind1=" " ind2=" ">
   <subfield code="2">ddc</subfield>
   <subfield code="c">BK</subfield>
  </datafield>
  <datafield tag="952" ind1=" " ind2=" ">
   <subfield code="0">0</subfield>
   <subfield code="1">0</subfield>
   <subfield code="2">ddc</subfield>
   <subfield code="4">0</subfield>
   <subfield code="6">333_720750000000000_W785</subfield>
   <subfield code="7">0</subfield>
   <subfield code="9">2722</subfield>
   <subfield code="a">000001</subfield>
   <subfield code="b">000001</subfield>
   <subfield code="d">2017-11-06</subfield>
   <subfield code="o">333.72075 W785</subfield>
   <subfield code="p">MD.04035</subfield>
   <subfield code="r">2017-11-06</subfield>
   <subfield code="v">238000.00</subfield>
   <subfield code="w">2017-11-06</subfield>
   <subfield code="y">BK</subfield>
  </datafield>
  <datafield tag="952" ind1=" " ind2=" ">
   <subfield code="0">0</subfield>
   <subfield code="1">0</subfield>
   <subfield code="2">ddc</subfield>
   <subfield code="4">0</subfield>
   <subfield code="6">333_720750000000000_W785</subfield>
   <subfield code="7">0</subfield>
   <subfield code="9">2723</subfield>
   <subfield code="a">000001</subfield>
   <subfield code="b">000001</subfield>
   <subfield code="d">2017-11-06</subfield>
   <subfield code="o">333.72075 W785</subfield>
   <subfield code="p">MD.04036</subfield>
   <subfield code="r">2017-11-06</subfield>
   <subfield code="v">238000.00</subfield>
   <subfield code="w">2017-11-06</subfield>
   <subfield code="y">BK</subfield>
  </datafield>
  <datafield tag="952" ind1=" " ind2=" ">
   <subfield code="0">0</subfield>
   <subfield code="1">0</subfield>
   <subfield code="2">ddc</subfield>
   <subfield code="4">0</subfield>
   <subfield code="6">333_720750000000000_W785</subfield>
   <subfield code="7">0</subfield>
   <subfield code="9">2724</subfield>
   <subfield code="a">000001</subfield>
   <subfield code="b">000001</subfield>
   <subfield code="d">2017-11-06</subfield>
   <subfield code="o">333.72075 W785</subfield>
   <subfield code="p">MD.04037</subfield>
   <subfield code="r">2017-11-06</subfield>
   <subfield code="v">238000.00</subfield>
   <subfield code="w">2017-11-06</subfield>
   <subfield code="y">BK</subfield>
  </datafield>
  <datafield tag="952" ind1=" " ind2=" ">
   <subfield code="0">0</subfield>
   <subfield code="1">0</subfield>
   <subfield code="2">ddc</subfield>
   <subfield code="4">0</subfield>
   <subfield code="6">333_720750000000000_W785</subfield>
   <subfield code="7">0</subfield>
   <subfield code="9">2725</subfield>
   <subfield code="a">000001</subfield>
   <subfield code="b">000001</subfield>
   <subfield code="d">2017-11-06</subfield>
   <subfield code="o">333.72075 W785</subfield>
   <subfield code="p">MD.04038</subfield>
   <subfield code="r">2017-11-06</subfield>
   <subfield code="v">238000.00</subfield>
   <subfield code="w">2017-11-06</subfield>
   <subfield code="y">BK</subfield>
  </datafield>
  <datafield tag="952" ind1=" " ind2=" ">
   <subfield code="0">0</subfield>
   <subfield code="1">0</subfield>
   <subfield code="2">ddc</subfield>
   <subfield code="4">0</subfield>
   <subfield code="6">333_720750000000000_W785</subfield>
   <subfield code="7">0</subfield>
   <subfield code="9">2726</subfield>
   <subfield code="a">000001</subfield>
   <subfield code="b">000001</subfield>
   <subfield code="d">2017-11-06</subfield>
   <subfield code="o">333.72075 W785</subfield>
   <subfield code="p">MD.04039</subfield>
   <subfield code="r">2017-11-06</subfield>
   <subfield code="v">238000.00</subfield>
   <subfield code="w">2017-11-06</subfield>
   <subfield code="y">BK</subfield>
  </datafield>
  <datafield tag="952" ind1=" " ind2=" ">
   <subfield code="0">0</subfield>
   <subfield code="1">0</subfield>
   <subfield code="2">ddc</subfield>
   <subfield code="4">0</subfield>
   <subfield code="6">333_720750000000000_W785</subfield>
   <subfield code="7">0</subfield>
   <subfield code="9">2727</subfield>
   <subfield code="a">000001</subfield>
   <subfield code="b">000001</subfield>
   <subfield code="d">2017-11-06</subfield>
   <subfield code="o">333.72075 W785</subfield>
   <subfield code="p">MD.04040</subfield>
   <subfield code="r">2017-11-06</subfield>
   <subfield code="v">238000.00</subfield>
   <subfield code="w">2017-11-06</subfield>
   <subfield code="y">BK</subfield>
  </datafield>
  <datafield tag="952" ind1=" " ind2=" ">
   <subfield code="0">0</subfield>
   <subfield code="1">0</subfield>
   <subfield code="2">ddc</subfield>
   <subfield code="4">0</subfield>
   <subfield code="6">333_720750000000000_W785</subfield>
   <subfield code="7">0</subfield>
   <subfield code="9">2728</subfield>
   <subfield code="a">000001</subfield>
   <subfield code="b">000001</subfield>
   <subfield code="d">2017-11-06</subfield>
   <subfield code="o">333.72075 W785</subfield>
   <subfield code="p">MD.04041</subfield>
   <subfield code="r">2017-11-06</subfield>
   <subfield code="v">238000.00</subfield>
   <subfield code="w">2017-11-06</subfield>
   <subfield code="y">BK</subfield>
  </datafield>
  <datafield tag="952" ind1=" " ind2=" ">
   <subfield code="0">0</subfield>
   <subfield code="1">0</subfield>
   <subfield code="2">ddc</subfield>
   <subfield code="4">0</subfield>
   <subfield code="6">333_720750000000000_W785</subfield>
   <subfield code="7">0</subfield>
   <subfield code="9">2729</subfield>
   <subfield code="a">000001</subfield>
   <subfield code="b">000001</subfield>
   <subfield code="d">2017-11-06</subfield>
   <subfield code="o">333.72075 W785</subfield>
   <subfield code="p">MD.04042</subfield>
   <subfield code="r">2017-11-06</subfield>
   <subfield code="v">238000.00</subfield>
   <subfield code="w">2017-11-06</subfield>
   <subfield code="y">BK</subfield>
  </datafield>
  <datafield tag="952" ind1=" " ind2=" ">
   <subfield code="0">0</subfield>
   <subfield code="1">0</subfield>
   <subfield code="2">ddc</subfield>
   <subfield code="4">0</subfield>
   <subfield code="6">333_720750000000000_W785</subfield>
   <subfield code="7">0</subfield>
   <subfield code="9">2730</subfield>
   <subfield code="a">000001</subfield>
   <subfield code="b">000001</subfield>
   <subfield code="d">2017-11-06</subfield>
   <subfield code="o">333.72075 W785</subfield>
   <subfield code="p">MD.04034</subfield>
   <subfield code="r">2017-11-06</subfield>
   <subfield code="v">238000.00</subfield>
   <subfield code="w">2017-11-06</subfield>
   <subfield code="y">BK</subfield>
  </datafield>
  <datafield tag="980" ind1=" " ind2=" ">
   <subfield code="a">Thư viện Trường Đại học Nam Cần Thơ</subfield>
  </datafield>
 </record>
</collection>
